United States Parcel post stamps, Stamp booklets, Postal savings stamps (Record no. 2707)

000 -LEADER
fixed length control field 00532nam a22000977a 4500
008 - FIXED-LENGTH DATA ELEMENTS--GENERAL INFORMATION
fixed length control field 180409b xxu||||| |||| 00| 0 eng d
100 ## - MAIN ENTRY--AUTHOR'S NAME
Author's Name Wiley, H.
245 ## - TITLE STATEMENT
Title United States Parcel post stamps, Stamp booklets, Postal savings stamps
260 ## - PUBLICATION, DISTRIBUTION, ETC. (IMPRINT)
Place of publication, distribution, etc. Boston
Name of publisher, distributor, etc. Mekeel-Severn-Wylie Co
Date of publication, distribution, etc. 1914
650 ## - TOPICAL TERM (Tag)
Topical term or geographic name United States | Parcel Post -- 1912-1913 | Booklets and Minipacks | Postal Savings | Official Mail | Production | Plates and Plating | Plate Blocks and Numbers | Errors and Varieties | Paper | Designs | Definitive Issues | Stamps -- Histories
Holdings
Withdrawn status Lost status Source of classification or shelving scheme Damaged status Koha normalized classification for sorting Not for loan Collection code Permanent Location Current Location Shelving location Date acquired Total Checkouts Full call number Barcode Date last seen Copy number Price effective from
        G3701 P718 W676     Northern Philatelic Library Northern Philatelic Library General Stacks 04/09/2018   G3701 P718 W676 1005060 04/09/2018 1 04/09/2018

Powered by Koha